Medicating young minds : (Record no. 16713)

000 -LEADER
fixed length control field 01613cam a22003734a 4500
001 - CONTROL NUMBER
control field 14237052
005 - DATE AND TIME OF LATEST TRANSACTION
control field 20161116125931.0
008 - FIXED-LENGTH DATA ELEMENTS--GENERAL INFORMATION
fixed length control field 060120s2006 nyu 001 0 eng
010 ## - LIBRARY OF CONGRESS CONTROL NUMBER
LC control number 2006001866
020 ## - INTERNATIONAL STANDARD BOOK NUMBER
International Standard Book Number 1584794895
020 ## - INTERNATIONAL STANDARD BOOK NUMBER
International Standard Book Number 9781584794899
035 ## - SYSTEM CONTROL NUMBER
System control number (OCoLC)ocm63171062
040 ## - CATALOGING SOURCE
Original cataloging agency DLC
Transcribing agency DLC
Modifying agency IG#
-- BAKER
-- OCO
-- DLC
042 ## - AUTHENTICATION CODE
Authentication code pcc
050 00 - LIBRARY OF CONGRESS CALL NUMBER
Classification number RJ504.7
Item number .E55 2006
082 00 - DEWEY DECIMAL CLASSIFICATION NUMBER
Classification number 618.92/8918
Edition number 22
100 1# - MAIN ENTRY--PERSONAL NAME
Personal name Elliott, Glen R.
245 10 - TITLE STATEMENT
Title Medicating young minds :
Remainder of title how to know if psychiatric drugs will help or hurt your child /
Statement of responsibility, etc. Glen R. Elliott ; with Kate Kelly.
260 ## - PUBLICATION, DISTRIBUTION, ETC. (IMPRINT)
Place of publication, distribution, etc. New York :
Name of publisher, distributor, etc. Stewart, Tabori & Chang,
Date of publication, distribution, etc. 2006.
300 ## - PHYSICAL DESCRIPTION
Extent 272 p. ;
Dimensions 24 cm.
500 ## - GENERAL NOTE
General note Includes index.
500 ## - GENERAL NOTE
General note "A Lynn Sonberg Book."
500 ## - GENERAL NOTE
General note "STC Healthy Living."
500 ## - GENERAL NOTE
General note Includes index.
650 #0 - SUBJECT ADDED ENTRY--TOPICAL TERM
Topical term or geographic name as entry element Pediatric psychopharmacology
Form subdivision Popular works.
650 #0 - SUBJECT ADDED ENTRY--TOPICAL TERM
Topical term or geographic name as entry element Behavior disorders in children
General subdivision Chemotherapy
Form subdivision Popular works.
650 #0 - SUBJECT ADDED ENTRY--TOPICAL TERM
Topical term or geographic name as entry element Child psychopathology
General subdivision Chemotherapy
Form subdivision Popular works.
700 1# - ADDED ENTRY--PERSONAL NAME
Personal name Kelly, Kate.
856 41 - ELECTRONIC LOCATION AND ACCESS
Materials specified Table of contents
Uniform Resource Identifier <a href="http://www.loc.gov/catdir/toc/ecip067/2006001866.html">http://www.loc.gov/catdir/toc/ecip067/2006001866.html</a>
856 42 - ELECTRONIC LOCATION AND ACCESS
Materials specified Publisher description
Uniform Resource Identifier <a href="http://www.loc.gov/catdir/enhancements/fy0630/2006001866-d.html">http://www.loc.gov/catdir/enhancements/fy0630/2006001866-d.html</a>
906 ## - LOCAL DATA ELEMENT F, LDF (RLIN)
a 7
b cbc
c orignew
d 1
e ecip
f 20
g y-gencatlg
942 ## - ADDED ENTRY ELEMENTS (KOHA)
Source of classification or shelving scheme
Koha item type Hard Covered Materials
Classification part RJ504.7 .E55 2006
Holdings
Withdrawn status Lost status Source of classification or shelving scheme Damaged status Not for loan Home library Current library Shelving location Date acquired Source of acquisition Total Checkouts Full call number Barcode Date last seen Price effective from Koha item type
          MACHAKOS UNIVERSITY LIBRARY MACHAKOS UNIVERSITY LIBRARY Technical section 16/11/2016 Donation (BFA)   RJ504.7 .E55 2006 27899 25/06/2018 16/11/2016 Hard Covered Materials
© Machakos University Library, Along The Highway, Machakos Wote Rd, Machakos, Kenya P.O. Box 136 - 90100 Machakos - Kenya

Tel: ( +254 ) 723 805829 OR Fax : 044-20353 OR Email: library@mksu.ac.ke